000 01515nam a22002177a 4500
999 _c58905
_d58905
003 Ge_BSU
005 20221017160104.0
008 221017s1986 ge ||||| |||| 00| 0 geo d
041 _ageo
080 _a159.9 + 1(09) + 821.353.1.09 უ-28
100 _aუზნაძე, დიმიტრი
_9746
245 _aშრომები. ტ. 9 :
_bვლადიმერ სოლოვიოვის მეტაფიზიკური მსოფლმხედველობა მისი შემეცნების თეორიის საორიენტაციო მიმოხილვითურთ /
_cდ. უზნაძე ; ტომის რედ.: ვ. კაკაბაძე ; საქ. სსრ მეცნ. აკად., დ. უზნაძის სახ. ფსიქოლოგიის ინ-ტი.
264 _aთბილისი :
_bმეცნიერება,
_c1986.
300 _a399 გვ.
_b 22 სმ.
653 _aფსიქოლოგია
653 _aფილოსოფიის ისტორია
653 _aლიტერატურის ისტორია და კრიტიკა
653 _aქართული ლიტერატურა.
710 _aსაქართველოს სსრ მეცნიერებათა აკადემია. დ. უზნაძის სახ.
_bფსიქოლოგიის ინსტიტუტი.
_915340
942 _2udc
_cBK